Evaluation of parameters affecting the isolation and culture of protoplasts of Hevea brasiliensis(Muell. Arg) (Record no. 58969)

MARC details
000 -LEADER
fixed length control field 00534nam a2200181Ia 4500
100 ## - MAIN ENTRY--AUTHOR NAME
Personal name Sushamakumari S
245 #0 - TITLE STATEMENT
Title Evaluation of parameters affecting the isolation and culture of protoplasts of Hevea brasiliensis(Muell. Arg)
260 ## - PUBLICATION, DISTRIBUTION, ETC. (IMPRINT)
Name of publisher Current Science
Year of publication 1999
300 ## - PHYSICAL DESCRIPTION
Number of Pages 1580-1581
650 ## - SUBJECT ADDED ENTRY--TOPICAL TERM
Topical Term Hevea brasiliensis
650 ## - SUBJECT ADDED ENTRY--TOPICAL TERM
Topical Term Protoplast culture
650 ## - SUBJECT ADDED ENTRY--TOPICAL TERM
Topical Term Protoplast isolation
700 ## - ADDED ENTRY--PERSONAL NAME
Personal name Asokan M P
700 ## - ADDED ENTRY--PERSONAL NAME
Personal name Jayasree R
700 ## - ADDED ENTRY--PERSONAL NAME
Personal name Sobha S
942 ## - ADDED ENTRY ELEMENTS (KOHA)
Koha item type Journals
Holdings
Withdrawn status Lost status Damaged status Not for loan Home library Current library Shelving location Date acquired Serial Enumeration / chronology Koha item type
      Journals RRII Library RRII Library Biotechnology 17/12/2021 Volume 77, Issue 12 Journals